An introduction to the theory of numbers (Record no. 66)

MARC details
000 -LEADER
fixed length control field 00525 a2200205 4500
001 - CONTROL NUMBER
control field 002300
003 - CONTROL NUMBER IDENTIFIER
control field OSt
005 - DATE AND TIME OF LATEST TRANSACTION
control field 20220113122924.0
008 - FIXED-LENGTH DATA ELEMENTS--GENERAL INFORMATION
fixed length control field
020 ## - INTERNATIONAL STANDARD BOOK NUMBER
International Standard Book Number 9780199219865
082 ## - DEWEY DECIMAL CLASSIFICATION NUMBER
Classification number 512.7
Item number H22I
100 1# - MAIN ENTRY--PERSONAL NAME
Personal name Hardy, G.H.
245 1# - TITLE STATEMENT
Title An introduction to the theory of numbers
Statement of responsibility, etc by G.H. Hardy and E.M. Wright
250 ## - EDITION STATEMENT
Edition statement 6th ed.
260 ## - PUBLICATION, DISTRIBUTION, ETC. (IMPRINT)
Place of publication, distribution, etc New York
Name of publisher, distributor, etc Oxford University Press
Date of publication, distribution, etc 2008
300 ## - PHYSICAL DESCRIPTION
Extent 621p.
653 ## - INDEX TERM--UNCONTROLLED
Uncontrolled term Number theory
700 ## - ADDED ENTRY--PERSONAL NAME
Personal name Wright, E.M.
942 ## - ADDED ENTRY ELEMENTS (KOHA)
Source of classification or shelving scheme Dewey Decimal Classification
Koha item type Books
Holdings
Withdrawn status Lost status Source of classification or shelving scheme Damaged status Not for loan Collection code Home library Current library Date acquired Source of acquisition Cost, normal purchase price Total Checkouts Full call number Barcode Date last seen Date checked out Price effective from Koha item type
    Dewey Decimal Classification     General Text Book Central University Of Rajasthan Central University Of Rajasthan 28/09/2010 MTH 595.00 2 512.7 H22I 2292 14/05/2025 26/03/2025 02/09/2020 Books